Villes de plus de 100 000 habitants: Mort subite - Statistiques

Statistiques générales
  • Ce quiz a été pris 90 fois
  • Le résultat moyen est 8 sur 11
Answers on the Grid
Answers color-coded by a green-red scale on the quiz's grid according to % correct below.
Nantes
Marseille
Niort
Angers
La Rochelle
Quimper
Grenoble
Nîmes
Dijon
Narbonne
Agen
Rochefort
Lyon
Toulouse
Bordeaux
Saint-Brieuc
Albi
Le Havre
Villeurebanne
 
Statistiques - réponses
Réponse % Correct
Marseille
97%
Nantes
91%
Lyon
86%
Bordeaux
82%
Toulouse
80%
Grenoble
76%
Dijon
68%
Angers
65%
Villeurebanne
64%
Le Havre
62%
Nîmes
59%
Aucun quiz correspondant
Distribution des résultats
% des personnes avec chaque résultat
Percentile par nombre de réponses
Votre historique - résultats
Vous n’avez pas pris ce quiz